000 00809nam a22002297a 4500
005 20240530110539.0
008 160504s2013 ua ao f 00| 0 ara d
017 _a2013/16072
_bمصر . دار الكتب المصرية
020 _a9789774485657
040 _aEG-CaGPL
082 0 4 _221
_a916.223
_bق/م و
100 0 _aمحمد التداوى .
245 1 0 _aوادى الريان المشبع بالماء /
_cمحمد التداوى .
250 _aط1.
260 _aالقاهرة :
_bالهيئة المصرية العامة للكتاب ،
_c2013 .
300 _a162 ص :
_bصور لو ؛
_c24 سم .
650 0 4 _aوادى الريان .
650 0 4 _aالوديان .
651 0 4 _aالفيوم
_xجغرافيا .
942 _2ddc
_cBK
999 _c62214
_d62214